000 01007nas a2200265 4500
001 BR8602638
003 BR-BrBNA
005 20231205090507.0
007 ta
008 230509b bl.|||p| |||| 00| 00por d
040 _aBR-BrBNA
_bpor
_cBiblioteca Nacional de Agricultura
041 _a(Pt)
072 _aL53; L02
100 1 _aJacondino, L.A.R.
100 1 _aFernandes, L.C.O.
245 1 _aEfeito da idade ao primeiro parto e do nivel nutricional nas concentracoes plasmaticas de glicose, albumina e proteinas totais de vacas de corte
_bParte de tese
246 1 _aEffect of calving age and nutritional level on plasma glucose albumin and total protein concentrations of beef cows
_bPart of thesis
650 _aVACA DE CORTE
650 _aPARTO
650 _aIDADE
650 _aFISIOLOGIA NUTRICIONAL
773 0 _tRevista Brasileira de Reproducao Animal (Brazil)
_xISSN 0102-0803
_g(1985), v. 9(4) p. 191-199
_wBR8602638
909 _a202311
_bLúcia
_c55
_dLúcia Elande
942 _2AGRIS
_n0
_cANA
999 _c118822
_d118822